000 00516cam a2200169 4500
008 101014n 000 0 eng u
020 _a8570970307
035 _a(Sirsi) a171656
050 _a BF 1999 GON 1998
100 _aGonzalez Pecotche, Carlos Bernardo.
245 _aAn introduction to logosophical cognition/
_cby Carlos Bernardo Gonzalez Pecotche.
250 _a2 ed.
260 _aSao Paulo:
_b Logosofica,
_c1998.
300 _a494p.
650 _aLogosofia
650 _aLogosofia --Estudo e ensino
999 _c114821
_d114821